| 000 | 00982cab a2200289 4500 | ||
|---|---|---|---|
| 001 | ABS44260 | ||
| 008 | 090401t1991 xxu||||| |||| 00| 0 eng d | ||
| 035 | _a(Sirsi) u46213 | ||
| 041 | _aeng | ||
| 245 | _aContaminated land policy stutters forward | ||
| 260 | _c1991 | ||
| 350 | _a0 | ||
| 490 |
_aENDS Report _v(193) February 1991, 12-15 (4) |
||
| 520 | _aLooks at proposed measures to clean up contaminated land including public registers of potentially polluted land, grant-aid for reclamation of contaminated sites and risk assessment research. Draft list of contaminative uses. | ||
| 650 | _aBLIGHT | ||
| 650 | _aDERELICT LAND GRANTS | ||
| 650 | _aDOE | ||
| 650 | _aENVIRONMENTAL PROTECTION ACT 1990 S143 | ||
| 650 | _aHM INSPECTORATE OF POLLUTION | ||
| 650 | _aINTEGRATED POLLUTION CONTROL | ||
| 650 | _aLANDFILL SITES | ||
| 650 | _aPLANNING AND COMPENSATION BILL | ||
| 650 | _aPOLLUTION CONTROL | ||
| 690 | _aLAND | ||
| 942 | _n0 | ||
| 948 | _c04/03/1997 | ||
| 999 |
_c29241 _d29241 |
||